Los Angeles Angels: All-Star Selections - Statistics

General Stats
  • This quiz has been taken 364 times
    115 since last reset
  • The average score is 19 of 74
Answer Stats
Position Amount of Selections Player % Correct
CF 11 Mike Trout
97%
P/DH 3 Shoehei Ohtani
92%
P 4 Nolan Ryan
75%
LF 3 Garret Anderson
74%
1B 1 Albert Pujols
67%
3B 3 Troy Glaus
64%
RF 4 Vladimir Guerrero
61%
P 2 Jered Weaver
56%
1B 5 Rod Carew
54%
P 3 Francisco Rodríguez
52%
P 4 Chuck Finley
49%
RF 3 Reggie Jackson
49%
SS 6 Jim Fregosi
43%
OF 2 Torii Hunter
43%
2B 3 Bobby Grich
41%
CF 1 Jim Edmonds
41%
P 4 Troy Percival
39%
OF 2 Darin Erstad
38%
P 1 Lee Smith
38%
P 1 Bartolo Colon
36%
DH 1 Brian Downing
34%
OF 1 Chili Davis
33%
P 1 C.J. Wilson
33%
SS 1 Erick Aybar
33%
OF 1 Mark Trumbo
33%
P 2 Mike Witt
33%
CF 1 Devon White
31%
1B 1 Wally Joyner
31%
LF 1 Alex Johnson
30%
DH 1 Don Baylor
30%
P 3 Frank Tanana
30%
1B 1 Jared Walsh
30%
2B 1 Howie Kendrick
28%
C 1 Bob Boone
26%
P 1 Ervin Santana
26%
P 1 John Lackey
26%
P 3 Mark Langston
26%
3B 1 Doug DeCinces
25%
3B 1 Chone Figgins
21%
P 1 Dean Chance
20%
CF 3 Fred Lynn
20%
2B 1 Sandy Alomar
16%
P 1 Bob Lee
15%
P 1 Donnie Moore
13%
OF 1 Frank Robinson
13%
C 1 Lance Parrish
13%
2B 1 Bobby Knoop
11%
P 1 Brendan Donnelly
10%
P 1 Bryan Harvey
10%
P 1 Joe Saunders
10%
P 1 Andy Messersmith
8%
P 1 Brian Fuentes
8%
P 1 Clyde Wright
8%
SS 1 Gary Disarcina
8%
2B 1 Johnny Ray
8%
LF 4 Leon Wagner
8%
SS 1 Rick Burleson
8%
2B 1 Tommy La Stella
8%
OF 1 Albie Pearson
7%
P 1 Carlos Estévez
7%
3B 2 Dave Chalk
7%
RF 3 Lee Thomas
7%
P 1 Tyler Anderson
7%
1B 1 Don Mincher
5%
P 1 Héctor Santiago
5%
P 1 Ken Forsch
5%
P 1 Mark Clear
5%
P 1 Jason Dickson
3%
P 1 Jordan Walden
3%
P 1 Bill Singer
2%
P 1 Jim McGlothlin
2%
P 5 Ken McBride
2%
P 1 Ryne Duren
2%
2B 3 Billy Moran
0%
No matching quizzes found
Score Distribution
Percent of People with Each Score
Percentile by Number Answered
Your Score History
You have not taken this quiz since the last reset